00862nam a2200217 i 450000100060000000300090000600500170001500700030003200800410003504000210007610000380009724502110013526000540034630000280040065000310042870000490045970000370050870000370054570000410058285200210062348028ES-MaACL20251013234626.0t|981126s1862 be ||||1| fre d aCAM bspa cCCPB1 aCrowe, Joseph Archer, d1825-189614aLes anciens peintres flamands b: leur vie et leurs oeuvres / cpar J. A. Crowe et G. B. Cavalcaselle ; traduit de l'anglais par O. Delepierre ; annoté et argumenté ... par Alex Pinchart et Ch. Ruelens. aBruxelles : bF. Heusner, c1862 (fEmm. Devroye) a2 t. en 1 v. ; c23 cm. 4aPintores-zPaíses Bajos.1 aCavalcaselle, Giovanni Battista, d1820-18971 aDelepierre, Octave (d1802-1879)1 aPinchart, Alexandre, d1823-18841 aRuelens, Charles-Louis (d1820-1890) aES-MaACLjG-8144